Základné prvky vnútrofiremnej bezpečnosti

Podrobná bibliografia
Médium: Článok
Jazyk:slovenčina
Fyzický popis:Obr.
ISSN:1335-4787
Predmet:

MARC

LEADER 00000nab a2200000 a 4500
001 vtls009293612
003 SK-MaSNL
005 20260304215830.0
008 250507c2008 xo |||||||||||000 b|slo
015 |a SNBRB2008/05  |2 snkbucl 
035 |a (uuid)ab7cb80a-81fd-4aad-bd12-6f1cc1bf1c29 
035 |a urn:nbn:sk:snk-ab1fnw 
035 |a (urnnbn)urn:nbn:sk:snk:ar-0037yu 
038 |a SNKBUCL 
040 |a SNKBUCL  |b slo  |c SNKBUCL  |e AACR2 
041 0 |a slo 
044 |a xo  |c SK 
080 |a 004.056:658.012.45  |2 2001 
080 |a 004.382.76.056  |2 2001 
080 |a 004.056.55  |2 2001 
080 |a 004.773.3.056  |2 2001 
080 |a 658.012.45  |2 2001 
080 |a [007+004]:658  |2 2001 
245 0 0 |a Základné prvky vnútrofiremnej bezpečnosti 
300 |b Obr. 
650 0 7 |a informačná bezpečnosť  |2 SNKPH  |9 72884 
650 0 7 |a podnikové informačné systémy  |2 SNKPH  |9 68605 
650 0 7 |a elektronická pošta  |2 SNKPH  |9 1848 
650 0 7 |a šifrovanie  |2 SNKPH  |9 1883 
650 0 7 |a vreckové počítače  |2 snkbucl  |9 19931 
773 0 |t Infoware  |g Č. 4 (2008), s. 20-21  |x 1335-4787 
850 |a Slovenská národná knižnica 
852 |a Slovenská národná knižnica 
954 |a odborná, vedecká literatúra pôvodná (slovenská)  |2 lita 
958 |a article2022 
958 |a OND 
958 |a EUIPO 
999 |c 3148439  |d 3150369